[Event "FICGS W-ch st1 gN 01 email"]
[Site "FICGS email"]
[Date "2020.03.01"]
[Round "1"]
[White "Lubas, Jozef"]
[Black "Pineda, Ulises"]
[Result "1/2-1/2"]
[WhiteElo "2225"]
[BlackElo "2211"]
[PlyCount "90"]
[EventDate "2020.??.??"]
[EventType "tourn (corr)"]
[EventRounds "6"]
[SourceTitle "Corr 2022"]
[Source "ChessBase"]
[SourceDate "2021.10.24"]
[SourceVersion "1"]
[SourceVersionDate "2021.10.24"]
[SourceQuality "1"]

1. e4 c5 2. Nf3 Nc6 3. d4 cxd4 4. Nxd4 Qc7 5. Nc3 e6 6. Be2 Nf6 7. 0-0 Be7 8. Be3 a6 9. f4 d6 10. Qe1 0-0 11. Qg3 Nxd4 12. Bxd4 b5 13. a3 Bb7 14. Kh1 Rad8 15. Rad1 Bc6 16. Rfe1 Rc8 17. Bf3 Rfd8 18. Rd3 Ne8 19. Qf2 Rd7 20. Na2 Bf6 21. Bb6 Qb8 22. c3 Bd8 23. Bxd8 Rcxd8 24. Nb4 Bb7 25. Nc2 Nf6 26. g4 Ba8 27. g5 Ne8 28. Kg1 d5 29. e5 d4 30. Red1 Bxf3 31. Qxf3 Qc8 32. Rxd4 Rxd4 33. Nxd4 g6 34. Rf1 Rd7 35. Rd1 Ng7 36. Kf2 Rd5 37. Ke1 Qc5 38. Ke2 a5 39. Rd3 Nh5 40. Kd1 b4 41. axb4 axb4 42. Ne2 Rxd3+ 43. Qxd3 bxc3 44. Qxc3 Qf2 45. Qc4 Qxh2 1/2-1/2

[Event "FICGS W-ch st1 gN 01 email"]
[Site "FICGS email"]
[Date "2018.11.01"]
[Round "1"]
[White "Markus, Roland"]
[Black "Pineda, Ulises"]
[Result "1/2-1/2"]
[WhiteElo "2215"]
[BlackElo "2208"]
[PlyCount "83"]
[EventDate "2018.??.??"]
[EventType "tourn (corr)"]
[EventRounds "6"]
[SourceTitle "Corr 2022"]
[Source "ChessBase"]
[SourceDate "2021.10.24"]
[SourceVersion "1"]
[SourceVersionDate "2021.10.24"]
[SourceQuality "1"]

1. e4 c5 2. c3 Nf6 3. e5 Nd5 4. Nf3 e6 5. d4 cxd4 6. cxd4 d6 7. Bc4 Be7 8. 0-0 0-0 9. Qe2 Nc6 10. Rd1 Na5 11. Bb5 a6 12. Bd3 Nb4 13. exd6 Bxd6 14. Nc3 Nxd3 15. Qxd3 f6 16. Be3 b5 17. b3 Rf7 18. Nd2 Bb7 19. Nde4 Rd7 20. Qc2 Qe8 21. Nc5 Bxc5 22. dxc5 Rad8 23. Rxd7 Rxd7 24. Qe2 Qd8 25. f3 e5 26. h3 f5 27. a4 b4 28. Na2 e4 29. f4 Nxb3 30. Rb1 Nd4 31. Bxd4 Rxd4 32. Nxb4 Qe7 33. Qc2 a5 34. Qb3+ Kf8 35. Nc2 Rd2 36. Ne3 Qxc5 37. Qb6 Rd1+ 38. Kf2 Rd2+ 39. Kg3 Qxb6 40. Rxb6 Rd3 41. Kf2 Bd5 42. Rb5 1/2-1/2

[Event "FICGS W-ch st1 gN 01 email"]
[Site "FICGS email"]
[Date "2018.11.01"]
[Round "1"]
[White "Pineda, Ulises"]
[Black "Gray, Garvin"]
[Result "1/2-1/2"]
[WhiteElo "2208"]
[BlackElo "2256"]
[PlyCount "65"]
[EventDate "2018.??.??"]
[EventType "tourn (corr)"]
[EventRounds "6"]
[SourceTitle "Corr 2022"]
[Source "ChessBase"]
[SourceDate "2021.10.24"]
[SourceVersion "1"]
[SourceVersionDate "2021.10.24"]
[SourceQuality "1"]

1. d4 d5 2. c4 dxc4 3. e3 c5 4. Nf3 Nf6 5. Bxc4 e6 6. 0-0 a6 7. b3 cxd4 8. Nxd4 Bd6 9. Bd3 b5 10. Nd2 Bb7 11. a4 Bc5 12. Bb2 Bxd4 13. exd4 0-0 14. Re1 Nc6 15. Ne4 Nb4 16. d5 Nbxd5 17. h3 Nxe4 18. Rxe4 Qd7 19. Rg4 f6 20. Rg3 Rf7 21. Qg4 Bc6 22. Re1 Re8 23. Rc1 Qd6 24. Ba3 Qd7 25. Bb2 Qd6 26. Qh5 f5 27. axb5 axb5 28. Bf1 e5 29. Qd1 Re6 30. Rd3 Rd7 31. Qh5 Qf8 32. Qd1 Qa8 33. Rc5 1/2-1/2

[Event "FICGS rapid M 000090 email"]
[Site "FICGS email"]
[Date "2017.12.02"]
[Round "1"]
[White "Kireev, Sergey Ivanovich"]
[Black "Pineda, Ulises"]
[Result "1/2-1/2"]
[WhiteElo "2218"]
[BlackElo "2185"]
[PlyCount "93"]
[EventDate "2017.??.??"]
[EventType "tourn (rapid)"]
[EventRounds "6"]
[SourceTitle "Corr 2022"]
[Source "ChessBase"]
[SourceDate "2021.10.24"]
[SourceVersion "1"]
[SourceVersionDate "2021.10.24"]
[SourceQuality "1"]

1. e4 e5 2. Nf3 Nf6 3. Nxe5 d6 4. Nf3 Nxe4 5. Nc3 Nxc3 6. dxc3 Be7 7. Be3 Nd7 8. Qd2 0-0 9. 0-0-0 Nf6 10. Bd3 Re8 11. Rhe1 Bd7 12. Bd4 h6 13. c4 c5 14. Bc3 Bc6 15. Qf4 a6 16. a3 Nh5 17. Qg4 Nf6 18. Qh3 Bf8 19. Qf5 Qd7 20. Bxf6 Qxf5 21. Bxf5 gxf6 22. Nd2 Re5 23. Be4 Rae8 24. Bxc6 Rxe1 25. Bxe8 Rxe8 26. Nb1 h5 27. Nc3 Bh6+ 28. Kb1 Re6 29. Rd5 h4 30. Ka2 Bf4 31. Rh5 Bd2 32. Kb3 Be1 33. Rf5 Bd2 34. Nd5 Kg7 35. Rf3 Re2 36. Rxf6 Be1 37. Rf4 Rxf2 38. Rg4+ Kf8 39. Rxh4 Rxg2 40. Rh6 b5 41. Ne3 bxc4+ 42. Kxc4 Re2 43. Nf5 Kg8 44. c3 Rxb2 45. Rxd6 Rc2 46. Ne7+ Kg7 47. Nd5 1/2-1/2

[Event "FICGS rapid M 000090 email"]
[Site "FICGS email"]
[Date "2017.12.02"]
[Round "1"]
[White "Ortiz, Clodomiro"]
[Black "Pineda, Ulises"]
[Result "1/2-1/2"]
[WhiteElo "2247"]
[BlackElo "2185"]
[PlyCount "43"]
[EventDate "2017.??.??"]
[EventType "tourn (rapid)"]
[EventRounds "6"]
[SourceTitle "Corr 2022"]
[Source "ChessBase"]
[SourceDate "2021.10.24"]
[SourceVersion "1"]
[SourceVersionDate "2021.10.24"]
[SourceQuality "1"]

1. d4 Nf6 2. c4 e6 3. Nf3 b6 4. Nc3 Bb7 5. g3 Bb4 6. Bd2 c5 7. dxc5 Bxc5 8. Bg2 0-0 9. 0-0 d5 10. cxd5 Nxd5 11. Qa4 Qe8 12. Qxe8 Rxe8 13. Rfd1 Nd7 14. Ne1 Bd4 15. Rac1 Nc5 16. b4 Bxc3 17. bxc5 Bxd2 18. Rxd2 Rac8 19. Rb2 Rc7 20. Rbc2 Rec8 21. cxb6 Rxc2 22. Rxc2 1/2-1/2

[Event "FICGS rapid M 000090 email"]
[Site "FICGS email"]
[Date "2017.12.02"]
[Round "1"]
[White "Pineda, Ulises"]
[Black "Jabot, Daniel"]
[Result "1/2-1/2"]
[WhiteElo "2185"]
[BlackElo "2110"]
[PlyCount "111"]
[EventDate "2017.??.??"]
[EventType "tourn (rapid)"]
[EventRounds "6"]
[SourceTitle "Corr 2022"]
[Source "ChessBase"]
[SourceDate "2021.10.24"]
[SourceVersion "1"]
[SourceVersionDate "2021.10.24"]
[SourceQuality "1"]

1. e4 c5 2. Nf3 d6 3. d4 cxd4 4. Nxd4 Nf6 5. Nc3 a6 6. Be3 h6 7. Bc4 e6 8. Bb3 b5 9. a3 Qc7 10. 0-0 Nbd7 11. Bxe6 fxe6 12. Nxe6 Qb8 13. Nd5 Bb7 14. Nec7+ Kf7 15. Nxa8 Nxd5 16. exd5 Qxa8 17. a4 b4 18. Qg4 Nf6 19. Qxb4 Bxd5 20. f3 Be7 21. Qd2 Rb8 22. Rfe1 Rxb2 23. Bd4 Rb8 24. Rad1 Bc6 25. Rxe7+ Kxe7 26. Qe3+ Kd7 27. Qf4 Ne8 28. Bxg7 Qb7 29. Bd4 Kc8 30. Qxh6 Bxa4 31. Qe6+ Qd7 32. Qg8 Qc6 33. Rc1 Rb4 34. Qg4+ Qd7 35. c3 Rb7 36. h4 Qxg4 37. fxg4 Rh7 38. g3 Nc7 39. g5 Be8 40. Ra1 Bh5 41. Bf6 Kd7 42. Kh2 Rf7 43. Kh3 Be2 44. Re1 Bd3 45. h5 Nd5 46. Bd4 Rf1 47. Rxf1 Bxf1+ 48. Kh4 a5 49. g6 a4 50. h6 Ne7 51. Kg5 Bd3 52. h7 Nxg6 53. c4 Kc6 54. Bb2 Ne5 55. Bxe5 Bxh7 56. Bb2 1/2-1/2

[Event "FICGS class C 000261 email"]
[Site "FICGS email"]
[Date "2017.10.30"]
[Round "1"]
[White "Pineda, Ulises"]
[Black "Domingo Gadea, Jordi"]
[Result "1-0"]
[WhiteElo "2185"]
[BlackElo "1896"]
[PlyCount "37"]
[EventDate "2017.??.??"]
[EventType "tourn (corr)"]
[EventRounds "1"]
[SourceTitle "Corr 2022"]
[Source "ChessBase"]
[SourceDate "2021.10.24"]
[SourceVersion "1"]
[SourceVersionDate "2021.10.24"]
[SourceQuality "1"]

1. e4 e5 2. Nf3 d6 3. d4 exd4 4. Nxd4 Nf6 5. Nc3 Be7 6. Bf4 0-0 7. Qd2 Nc6 8. 0-0-0 Nxd4 9. Qxd4 Be6 10. f3 Nd7 11. h4 Bxh4 12. Qd2 Bf6 13. g4 Ne5 14. Qh2 h6 15. Be2 Nc6 16. Bd2 Re8 17. Kb1 Qe7 18. f4 Bd4 19. f5 1-0

[Event "FICGS rapid A 000204 email"]
[Site "FICGS email"]
[Date "2017.10.26"]
[Round "1"]
[White "Pineda, Ulises"]
[Black "Koivuniemi, Raimo"]
[Result "1/2-1/2"]
[WhiteElo "2185"]
[BlackElo "2018"]
[PlyCount "60"]
[EventDate "2017.??.??"]
[EventType "tourn (rapid)"]
[EventRounds "6"]
[SourceTitle "Corr 2022"]
[Source "ChessBase"]
[SourceDate "2021.10.24"]
[SourceVersion "1"]
[SourceVersionDate "2021.10.24"]
[SourceQuality "1"]

1. e4 c5 2. Nf3 Nc6 3. Nc3 e6 4. d4 cxd4 5. Nxd4 Qc7 6. Be3 a6 7. f4 b5 8. Nb3 Nf6 9. a3 b4 10. axb4 Nxb4 11. Bd3 Bb7 12. 0-0 Rb8 13. Ba7 Nxd3 14. cxd3 Rc8 15. Na4 Bc6 16. Bd4 Be7 17. Nac5 0-0 18. Nxa6 Qb7 19. Nbc5 Qb5 20. Qd2 d6 21. e5 dxc5 22. exf6 cxd4 23. fxe7 Rfe8 24. Rfc1 Rxe7 25. Qb4 Qb7 26. Qxd4 Ree8 27. Nc5 Qb5 28. Rc2 Red8 29. Qe3 Be8 30. Rd1 Ra8 1/2-1/2

[Event "FICGS class A 000181 email"]
[Site "FICGS email"]
[Date "2017.10.02"]
[Round "1"]
[White "Pineda, Ulises"]
[Black "Sorbi, Luca"]
[Result "1/2-1/2"]
[WhiteElo "2185"]
[BlackElo "2050"]
[PlyCount "37"]
[EventDate "2017.??.??"]
[EventType "tourn (corr)"]
[EventRounds "6"]
[SourceTitle "Corr 2022"]
[Source "ChessBase"]
[SourceDate "2021.10.24"]
[SourceVersion "1"]
[SourceVersionDate "2021.10.24"]
[SourceQuality "1"]

1. e4 e5 2. Nf3 Nf6 3. Nxe5 d6 4. Nf3 Nxe4 5. d4 d5 6. Bd3 Nc6 7. 0-0 Be7 8. c4 Nb4 9. Be2 0-0 10. a3 Nc6 11. Nc3 Nxc3 12. bxc3 Bf5 13. Re1 Re8 14. Bf4 dxc4 15. Bxc4 Bd6 16. Rxe8+ Qxe8 17. Nh4 Na5 18. Nxf5 Nxc4 19. Qf3 1/2-1/2

[Event "FICGS class A 000181 email"]
[Site "FICGS email"]
[Date "2017.10.02"]
[Round "1"]
[White "Wilson, Norman"]
[Black "Pineda, Ulises"]
[Result "0-1"]
[WhiteElo "2112"]
[BlackElo "2185"]
[PlyCount "42"]
[EventDate "2017.??.??"]
[EventType "tourn (corr)"]
[EventRounds "6"]
[SourceTitle "Corr 2022"]
[Source "ChessBase"]
[SourceDate "2021.10.24"]
[SourceVersion "1"]
[SourceVersionDate "2021.10.24"]
[SourceQuality "1"]

1. e4 e6 2. d4 d5 3. Nc3 Nf6 4. e5 Nfd7 5. f4 c5 6. Nf3 Nc6 7. Be3 cxd4 8. Nxd4 Qb6 9. Qd2 Qxb2 10. Rb1 Qa3 11. Bb5 Nxd4 12. Bxd4 a6 13. Bxd7+ Bxd7 14. Rb3 Qe7 15. Rxb7 Rc8 16. f5 Qd8 17. 0-0 exf5 18. Kh1 Bc5 19. Bxc5 Rxc5 20. Qe3 Qc8 21. Rb8 Qxb8 0-1